000 00707nam a22002172 4500
001 0000023452
005 20151217152241.0
008 121204s xx 000 0 eng d
020 _a0687121817 :
040 _aKABU
_cKABU
245 1 4 _aThe Evangelicals :
_bwhat they believe, who they are, where they are changing /
_cedited by David F. Wells and John D. Woodbridge.
250 _a1st ed.
260 _aNew York :
_bAbingdon Press,
_c1975.
300 _a304 p.
650 0 _aEvangelicalism.
_@0000148902
700 1 _aWells, David F.
_@0000182851
700 1 _aWoodbridge, John D.
_@0000149051
852 1 _9p500 KES
908 _a121204
950 _@1
999 _c9824
_d9824